header

Advanced clinical social work practice (Record no. 83916)

MARC details
000 -LEADER
fixed length control field 02097nam a2200421 a 4500
082 04 - DEWEY DECIMAL CLASSIFICATION NUMBER
Classification number 361.3/2
100 1# - MAIN ENTRY--AUTHOR NAME
Personal name Goldstein, Eda G.
245 10 - TITLE STATEMENT
Title Advanced clinical social work practice
260 ## - PUBLICATION, DISTRIBUTION, ETC. (IMPRINT)
Place of publication New York :
Name of publisher Columbia University Press,
Year of publication c2009.
300 ## - PHYSICAL DESCRIPTION
Number of Pages xviii, 238 p.
505 0# - FORMATTED CONTENTS NOTE
Formatted contents note The relational core of social work practice -- Theoretical and clinical contributions : phase 1 -- Theoretical and clinical contributions : phase 2 -- Developmental concepts -- Assessment in relational treatment -- Components of relational treatment -- Transference and countertransference : disruptions and enactments -- Multicultural issues -- Relational principles in brief treatment -- Couple, family, and group treatment -- The teaching and learning process : in the classroom and supervision.
650 #0 - SUBJECT ADDED ENTRY--TOPICAL TERM
Topical Term Social service.
Topical Term Social case work.
700 1# - ADDED ENTRY--PERSONAL NAME
Personal name Miehls, Dennis.
Personal name Ringel, Shoshana.
856 40 - ELECTRONIC LOCATION AND ACCESS
Uniform Resource Identifier http://site.ebrary.com/lib/rucke/Doc?id=10419614

No items available.

© 2026 Rongo University
Contact us: librarian | system librarian | Rongo university